000 00488nam a22001577a 4500
005 20251108172017.0
008 250721s9999 xx 000 0 ara d
082 1 4 _a368.092/مدغ
100 1 _aمدغمش، جمال
245 1 0 _aالتأمين ضد حوادث السيارات :
_bالتأمين الشامل - التأمين ضد الغير .... /
264 _c[19-].
650 1 7 _aالتأمين
650 1 7 _aحوادث السيارات
942 _2ddc
_cBK
999 _c68217
_d68217